| 000 | 00988nam a2200241 i 4500 | ||
|---|---|---|---|
| 001 | 153663 | ||
| 003 | ES-MaACL | ||
| 005 | 20230906205329.0 | ||
| 008 | 990720s1762 sp |||| | spa d | ||
| 100 | 1 |
_aEnríquez Gómez, Antonio, _d1600-1663 _947290 |
|
| 245 | 1 | 3 |
_aLa presumida y la hermosa / _cde don Fernando de Zarate. |
| 246 | 3 |
_iPrecede al tít. : _aComedia famosa |
|
| 260 |
_aEn Valencia : _ben la Imprenta de la Viuda de Joseph de Orga, _c1762. |
||
| 300 |
_a32 p. ; _c4º. |
||
| 530 | _aDisponible en formato digital. | ||
| 594 | _aPrecede al tít.: N. 20. | ||
| 596 | _aLos datos de impresión constan en el colofón. | ||
| 597 | _aSign.: A-D4. | ||
| 597 | _aTexto a dos col. | ||
| 852 |
_aES-MaACL _jR-3021-36 _xOlim:T-1409 _z- Enc. pasta española con hierros grab. |
||
| 856 |
_uhttp://bibliotecavirtualmadrid.org/bvmadrid_publicacion/i18n/consulta/registro.do?id=16061 _zBiblioteca Digital de la Comunidad de Madrid |
||
| 999 |
_c153663 _d153663 |
||